000 00322nam a2200133Ia 4500
008 160319s9999 xx 000 0 und d
050 _a372.6
050 _bD671h 2001
100 _aDominguez, Leticia F.
245 _aHiyas ng Kayumanggi 2
260 _bAbiva Pub. House Inc.
260 _c2001
300 _a280 pages :
999 _c292128
_d292128